Breaking down walls : (Record no. 1008)

MARC details
000 -LEADER
fixed length control field 01049nam a2200301 a 4500
001 - CONTROL NUMBER
control field 1590249
003 - CONTROL NUMBER IDENTIFIER
control field OSt
005 - DATE AND TIME OF LATEST TRANSACTION
control field 20180903112114.0
008 - FIXED-LENGTH DATA ELEMENTS--GENERAL INFORMATION
fixed length control field 931018s1993 ilua b 000 0 eng d
010 ## - LIBRARY OF CONGRESS CONTROL NUMBER
LC control number 93219054
020 ## - INTERNATIONAL STANDARD BOOK NUMBER
International Standard Book Number 0802426425
035 ## - SYSTEM CONTROL NUMBER
System control number (OCoLC)28356172
040 ## - CATALOGING SOURCE
Original cataloging agency LGrJ
Transcribing agency LGrJ
Modifying agency DLC
042 ## - AUTHENTICATION CODE
Authentication code lccopycat
050 00 - LIBRARY OF CONGRESS CALL NUMBER
Classification number BT734.2
Item number .W356 1993
082 00 - DEWEY DECIMAL CLASSIFICATION NUMBER
Classification number 261.8/348
Edition number 20
Item number W317B
100 1# - MAIN ENTRY--PERSONAL NAME
Personal name Washington, Raleigh.
245 10 - TITLE STATEMENT
Title Breaking down walls :
Remainder of title a model for reconciliation in an age of racial strife /
Statement of responsibility, etc. Raleigh Washington and Glen Kehrein.
260 ## - PUBLICATION, DISTRIBUTION, ETC.
Place of publication, distribution, etc. Chicago :
Name of publisher, distributor, etc. Moody Press,
Date of publication, distribution, etc. c1993.
300 ## - PHYSICAL DESCRIPTION
Extent 241 p. :
Other physical details ill. ;
Dimensions 24 cm.
504 ## - BIBLIOGRAPHY, ETC. NOTE
Bibliography, etc. note Includes bibliographical references.
650 #0 - SUBJECT ADDED ENTRY--TOPICAL TERM
Topical term or geographic name entry element Racism
General subdivision Religious aspects
-- Christianity.
650 #0 - SUBJECT ADDED ENTRY--TOPICAL TERM
Topical term or geographic name entry element Reconciliation
General subdivision Religious aspects
-- Christianity.
700 1# - ADDED ENTRY--PERSONAL NAME
Personal name Kehrein, Glen.
906 ## - LOCAL DATA ELEMENT F, LDF (RLIN)
a 7
b cbc
c copycat
d 2
e ncip
f 19
g y-gencatlg
942 ## - ADDED ENTRY ELEMENTS (KOHA)
Source of classification or shelving scheme Dewey Decimal Classification
Koha item type Books
Holdings
Withdrawn status Lost status Source of classification or shelving scheme Damaged status Not for loan Collection code Home library Current library Shelving location Date acquired Total Checkouts Full call number Barcode Date last seen Price effective from Koha item type
    Dewey Decimal Classification     Non-fiction Harvest Mission College Harvest Mission College General Stacks 03.09.2018   261.8348 W317B 001283 03.09.2018 03.09.2018 Books

OPAC Designed and Maintained by HMC Library Team.
Copyright © HMC Library,Greater Noida, UP.
For any Suggestions/Query Contact library via Email:libhmc@gmail.com